000 00590nam a22002057a 4500
005 20130520170523.0
010 _aENG-107174
020 _a9788180549588
_c350.00
035 _aEN-90707
037 _bDBAD/PUB
082 _a658.8
100 _aRajan Nair,N.
245 _aMarketing management /
_cby N.Rajan Nair [and] Sanjith R.Nair
260 _aNew Delhi
_bSultan Chand
_c2013
270 _a23, Daryaganj
_bNew Delhi
_e110002
300 _axx,503 p.:
_c24cm(pbk)
_bill.
500 _aIncludes index
700 _dNair ,Sanjith R.
942 _2ddc
_cEN
_mRAJ
_h658.8
999 _c75672
_d75672